Esos padres que viven a través de mí: la violencia de estado y sus secuelas

Salvato in:
Dettagli Bibliografici
Autore principale: Gampel, Yolanda (Autore)
Natura: Libro
Lingua:spagnolo
Pubblicazione: Buenos Aires Paidós 2006
Edizione:1a. ed
Serie:Biblioteca de Psicología Profunda, 254
Soggetti:
Tags: Aggiungi Tag
Nessun Tag, puoi essere il primo ad aggiungerne!!

MARC

LEADER 00000nam a2200000 a 4500
001 UCJ8911
003 CL-VaPUC
008 070126e20060000AG |||||||||||||||||spa|d
020 |a 9501242544 
082 0 4 |a 150.195  |b GAM  |2 21 
100 0 |a Gampel, Yolanda  |e author  |9 518698 
245 1 0 |a Esos padres que viven a través de mí: la violencia de estado y sus secuelas 
250 |a 1a. ed 
300 |a 179 p 
942 |c BK 
945 |d 20070126 00:00:00  |a cmena 
260 |a Buenos Aires  |b Paidós  |c 2006 
650 0 |a Psicoanálisis   |9 265702 
650 0 |a Desarrollo individual   |9 307875 
650 7 |a INFLUENCIA FAMILIAR  |2 CL-VaPUC  |9 335148 
650 0 |a Problemas sociales  |9 258537 
583 |a last modification  |c 20070126 00:00:00  |k Rodrigo Vera 
490 0 |a Biblioteca de Psicología Profunda, 254 
999 |c 324555  |d 324553 
952 |0 0  |1 0  |4 0  |6 150_195000000000000_GAM_2006  |7 0  |8 A  |9 404816  |a BIBEDU  |b BIBEDU  |d 2019-11-22  |i 4321391  |o 150.195 GAM 2006  |p 4321391  |r 2019-11-22  |w 2019-11-22  |y BK  |k PSI